Countries of the FIFA World CUP 2018 - Sudden Death - Statistics

General Stats
  • This quiz has been taken 88 times
  • The average score is 11 of 25
Answers on the Grid
Answers color-coded by a green-red scale on the quiz's grid according to % correct below.
Poland
Sweden
Russia
South Africa
Serbia
South Korea
Jamaica
Ukraine
Australia
New Zealand
Wales
Iceland
Ecuador
Brazil
Colombia
Egypt
Peru
Panama
Algeria
Croatia
Slovakia
England
Ireland
Scotland
Slovenia
Portugal
Turkey
Italy
Cameroon
Bulgaria
United States
Ghana
Saudi Arabia
Belgium
India
Mexico
Kuwejt
Uruguay
Romania
Iraq
Norway
Costa Rica
Iran
Denmark
Japan
China
Zambia
Tunisia
Morocco
Greece
 
Answer Stats
Answer % Correct
Brazil
100%
Croatia
86%
Russia
86%
Egypt
57%
Japan
57%
Poland
57%
Portugal
57%
Australia
43%
Belgium
43%
England
43%
Panama
43%
Peru
43%
South Korea
43%
Sweden
43%
Colombia
29%
Costa Rica
29%
Denmark
29%
Iceland
29%
Mexico
29%
Morocco
29%
Saudi Arabia
29%
Serbia
29%
Tunisia
29%
Uruguay
29%
Iran
14%
No matching quizzes found
Score Distribution
Percent of People with Each Score
Percentile by Number Answered
Your Score History
You have not taken this quiz